[Event "Ruhrgebiet Verbandsklasse Gruppe 3 1718"]
[Site "Germany"]
[Date "2018.01.14"]
[Round "5.1"]
[White "Dergatschova, Anna"]
[Black "Schwake, Peter"]
[Result "1-0"]
[WhiteElo "2114"]
[BlackElo "1883"]
[PlyCount "61"]
[EventDate "2017.09.17"]
[EventType "team-tourn"]
[EventRounds "9"]
[EventCountry "GER"]
[SourceTitle "EXT 2022"]
[Source "ChessBase"]
[SourceDate "2021.10.06"]
[SourceVersion "1"]
[SourceVersionDate "2021.10.06"]
[SourceQuality "1"]
[WhiteTeam "Ruettenscheid Rochade"]
[BlackTeam "Winz Baak SG"]
[WhiteTeamCountry "GER"]
[BlackTeamCountry "GER"]

1. e4 e5 2. Nf3 Nf6 3. d4 Nxe4 4. dxe5 d5 5. Bd3 Nc5 6. Be2 Be7 7. 0-0 0-0 8. Nc3 c6 9. Be3 Bf5 10. Nd4 Bg6 11. f4 Be4 12. b4 Ne6 13. Nxe6 fxe6 14. Nxe4 dxe4 15. a3 Na6 16. Bxa6 bxa6 17. Qe2 Qc7 18. Qc4 Kh8 19. Qxe6 c5 20. c3 c4 21. Rad1 Rfd8 22. f5 Rd3 23. f6 Bf8 24. Bd4 e3 25. Rde1 Rd8 26. fxg7+ Qxg7 27. Qxc4 Rd2 28. Re2 Qg4 29. Rxd2 exd2 30. Rxf8+ Rxf8 31. e6+ 1-0